|
|
|
|
| LEADER |
00648nam a22001932a 4500 |
| 001 |
000574890 |
| 003 |
CZ BrMZK |
| 005 |
20040701132701.0 |
| 007 |
ta |
| 008 |
011016q19001940gw e ger d |
| 040 |
|
|
|a BOA001
|b cze
|c BOA001
|
| 100 |
1 |
|
|a Wassermann, Jakob,
|d 1873-1934
|7 jn19990008938
|4 aut
|
| 245 |
1 |
4 |
|a Die Lebensalter Erwin Reiner :
|b Leben eines jungen Herrn um 1905 : der Mann von vierzig Jahren /
|c Jakob Wassermann
|
| 260 |
|
|
|a Berlin :
|b S. Fischer,
|c [19--]
|
| 300 |
|
|
|a 440 s.
|
| 910 |
|
|
|a BOA001
|b 2-0129.525
|
| 990 |
|
|
|a BK
|
| 993 |
|
|
|a Y
|
| 996 |
6 |
|
|b 2619706426
|c 2-0129.525
|l MZK
|r Sklad / do 24 hodin
|n 3
|w 000574890
|u 000010
|a 1
|e BOA001
|j MZK50
|s P
|